000
00301nam a2200133Ia 4500
008
100328s9999 xx 000 0 und d
082
_b
66827
100
_a
Sheth Sneha.
245
_a
Panchatantra-2.
260
_b
Sheth.
630
_a
Panchatantra-2.
730
_a
Panchatantra-2.
942
_c
BOOK
999
_c
552566
_d
552563